000 00775nam a22001337a 4500
040 _cRUA
082 _aAGR NOU 2012 B050 Or.1
100 _aNOU, SOTHEARITH
245 _aEffect of cutting shoot on yield of different varieties of cowpea (vigna unguiculata (l). at royal university of agriculture, ឥទ្ទិពលនៃការកាត់ត្រួយទៅលើទិន្នផលនៃពូជសណ្តែកអង្គុយ(vigna unguiculata(l). walp)ផ្សេងៗគ្នានៅសាកលវិទ្យាល័យភូមិន្ទកសិកម្ម
260 _aPhnom Penh
_bRUA
_c2012
300 _a xi; 53p.
_bill.
_c29cm.
856 _uhttps://drive.google.com/file/d/1L4w-Drrpi8xIOEXIu4cWwAuHcHSOI2rA/view?usp=sharing
942 _cAGR
999 _c1608
_d1608